[Event "19. Obert Int. Sant Marti 2017"]
[Site "Barcelona ESP"]
[Date "2017.07.20"]
[Round "8.60"]
[White "Di Chiara, Mauro"]
[Black "David, Bogdan-Emanuel"]
[Result "0-1"]
[WhiteElo "1964"]
[BlackElo "2062"]
[PlyCount "88"]
[EventDate "2017.07.13"]
[EventType "swiss"]
[EventRounds "9"]
[EventCountry "ESP"]
[SourceTitle "Ajedrez en Madrid"]
[Source "lmi"]
[SourceDate "2017.07.13"]
[SourceVersion "1"]
[SourceVersionDate "2019.06.21"]
[SourceQuality "1"]

1. d4 d6 2. Nf3 g6 3. e4 Bg7 4. Bd3 c6 5. O-O b5 6. d5 a6 7. dxc6 Nxc6 8. a4 b4
9. Bc4 Nf6 10. e5 dxe5 11. Qxd8+ Kxd8 12. Ng5 Kc7 13. Nxf7 Rf8 14. Ng5 h6 15.
Nf3 e4 16. Bf4+ Kb7 17. Ne5 Nh5 18. Nxc6 Kxc6 19. Be3 Bxb2 20. Ra2 Bg7 21. Rd1
Bg4 22. Rd5 Rad8 23. Rc5+ Kb7 24. Bd5+ Rxd5 25. Rxd5 Be6 26. c4 bxc3 27. Nxc3
Bxc3 28. Rdd2 Bxa2 29. Rxa2 g5 30. Ra3 Ba5 31. Rb3+ Kc6 32. Rb2 Rc8 33. Rc2+
Kd7 34. Rb2 Nf6 35. h4 Ng4 36. Bd2 Bxd2 37. Rxd2+ Ke6 38. g3 e3 39. Re2 Rc3 40.
hxg5 hxg5 41. f3 Ne5 42. Kg2 Nc6 43. f4 gxf4 44. gxf4 Nd4 0-1

[Event "19. Obert Int. Sant Marti 2017"]
[Site "Barcelona ESP"]
[Date "2017.07.20"]
[Round "8.61"]
[White "Montell Zabay, Alberto"]
[Black "Rodriguez Vega, Blas"]
[Result "0-1"]
[WhiteElo "1956"]
[BlackElo "2048"]
[PlyCount "94"]
[EventDate "2017.07.13"]
[EventType "swiss"]
[EventRounds "9"]
[EventCountry "ESP"]
[SourceTitle "Ajedrez en Madrid"]
[Source "lmi"]
[SourceDate "2017.07.13"]
[SourceVersion "1"]
[SourceVersionDate "2019.06.21"]
[SourceQuality "1"]

1. e4 d5 2. exd5 Qxd5 3. Nc3 Qa5 4. d4 Nf6 5. Nf3 Bg4 6. h3 Bxf3 7. Qxf3 c6 8.
Bd2 e6 9. Qg3 Qb6 10. O-O-O Nbd7 11. Be2 Bb4 12. Rhe1 Rg8 13. a3 Bxc3 14. Qxc3
Ne4 15. Qf3 Nxd2 16. Rxd2 Nf6 17. g4 h6 18. h4 Qa5 19. c4 O-O-O 20. Qf4 Qc7 21.
Qxc7+ Kxc7 22. Bf3 Rd7 23. Kc2 Rgd8 24. Kc3 c5 25. Red1 b6 26. d5 exd5 27. cxd5
Ne8 28. g5 hxg5 29. hxg5 Re7 30. Re2 Rxe2 31. Bxe2 Nd6 32. Bd3 Re8 33. f4 Re3
34. Kd2 Rf3 35. Rf1 Rxf1 36. Bxf1 Ne8 37. Bb5 Nd6 38. Be2 Nc8 39. Bh5 f6 40.
gxf6 gxf6 41. Kd3 Kd6 42. Kc4 a6 43. a4 b5+ 44. axb5 Nb6+ 45. Kb3 axb5 46. Be2
b4 47. Bc4 Nxd5 0-1

[Event "19. Obert Int. Sant Marti 2017"]
[Site "Barcelona ESP"]
[Date "2017.07.20"]
[Round "8.62"]
[White "Minguell Soler, Joan"]
[Black "Monroy G., Nataly A."]
[Result "1-0"]
[WhiteElo "2021"]
[BlackElo "1947"]
[PlyCount "47"]
[EventDate "2017.07.13"]
[EventType "swiss"]
[EventRounds "9"]
[EventCountry "ESP"]
[SourceTitle "Ajedrez en Madrid"]
[Source "lmi"]
[SourceDate "2017.07.13"]
[SourceVersion "1"]
[SourceVersionDate "2019.06.21"]
[SourceQuality "1"]

1. d4 Nf6 2. c4 g6 3. Nc3 c5 4. Nf3 Bg7 5. g3 d6 6. dxc5 dxc5 7. Qxd8+ Kxd8 8.
Ng5 Rf8 9. Be3 h6 10. O-O-O+ Nfd7 11. Nge4 Na6 12. Bg2 Rb8 13. Nb5 b6 14. Rd2
Ke8 15. Rhd1 f5 16. Ned6+ exd6 17. Nxd6+ Ke7 18. Nxc8+ Rfxc8 19. Rxd7+ Kf8 20.
Rxa7 Nb4 21. Rdd7 Be5 22. Bxh6+ Kg8 23. a3 Nc6 24. Bd5+ 1-0

[Event "19. Obert Int. Sant Marti 2017"]
[Site "Barcelona ESP"]
[Date "2017.07.20"]
[Round "8.63"]
[White "Monedero Gonzalez, Josep"]
[Black "Soham, Das"]
[Result "1-0"]
[WhiteElo "1957"]
[BlackElo "2020"]
[PlyCount "65"]
[EventDate "2017.07.13"]
[EventType "swiss"]
[EventRounds "9"]
[EventCountry "ESP"]
[SourceTitle "Ajedrez en Madrid"]
[Source "lmi"]
[SourceDate "2017.07.13"]
[SourceVersion "1"]
[SourceVersionDate "2019.06.21"]
[SourceQuality "1"]

1. d4 f5 2. Bf4 Nf6 3. Nf3 d6 4. Nc3 h6 5. h4 g6 6. e3 Bg7 7. Bc4 e6 8. Qd3 O-O
9. O-O-O d5 10. Bb3 c5 11. dxc5 Ne4 12. Nxd5 Nxc5 13. Qc4 Nxb3+ 14. axb3 exd5
15. Rxd5 Qe8 16. Rd7+ Kh8 17. Rxg7 Kxg7 18. Be5+ Rf6 19. Bxf6+ Kxf6 20. Qc3+
Kf7 21. Ne5+ Kg8 22. Nxg6 Kh7 23. h5 Be6 24. Qc7+ Nd7 25. Rd1 Kg8 26. Rd6 b6
27. b4 a5 28. Qc6 Bf7 29. Rxd7 axb4 30. Ne7+ Kh7 31. Nxf5 Ra1+ 32. Kd2 Qf8 33.
Nxh6 1-0

[Event "19. Obert Int. Sant Marti 2017"]
[Site "Barcelona ESP"]
[Date "2017.07.20"]
[Round "8.64"]
[White "Meenal, Gupta"]
[Black "Gandhi, Anish"]
[Result "0-1"]
[WhiteElo "1915"]
[BlackElo "2012"]
[PlyCount "106"]
[EventDate "2017.07.13"]
[EventType "swiss"]
[EventRounds "9"]
[EventCountry "ESP"]
[SourceTitle "Ajedrez en Madrid"]
[Source "lmi"]
[SourceDate "2017.07.13"]
[SourceVersion "1"]
[SourceVersionDate "2019.06.21"]
[SourceQuality "1"]

1. e4 c5 2. Nf3 d6 3. d4 cxd4 4. Nxd4 Nf6 5. Nc3 Nc6 6. Bg5 e6 7. Qd2 Be7 8.
O-O-O a6 9. f4 Bd7 10. Be2 b5 11. Bf3 b4 12. Nce2 Rc8 13. Rhe1 O-O 14. Nxc6
Bxc6 15. Nd4 Ba8 16. Kb1 a5 17. Bxf6 Bxf6 18. Nb5 Rb8 19. Qd3 d5 20. e5 Be7 21.
Nd4 a4 22. f5 exf5 23. e6 Bf6 24. Nxf5 fxe6 25. Rxe6 b3 26. cxb3 axb3 27. axb3
d4 28. Rd6 Qa5 29. Nxd4 Bxf3 30. Nxf3 Kh8 31. Ra6 Qc5 32. Rc1 Qb4 33. Ka2 Ra8
34. Rcc6 Rad8 35. Qc4 Qe7 36. Re6 Qf7 37. b4 Rc8 38. Qb3 Qg6 39. Ne5 Qxg2 40.
Nd7 Bxb2 41. Nxf8 Bf6+ 42. Ka3 Rc3 43. Qxc3 Bxc3 44. Ka4 Qa2+ 45. Kb5 Qd5+ 46.
Ka4 Qd1+ 47. Ka5 Qb3 48. Rab6 Qa3+ 49. Kb5 Qxb4+ 50. Kc6 Qxf8 51. Kd7 Qf7+ 52.
Re7 Qf5+ 53. Kc6 h6 0-1

[Event "19. Obert Int. Sant Marti 2017"]
[Site "Barcelona ESP"]
[Date "2017.07.20"]
[Round "8.65"]
[White "Degraeve, Thomas"]
[Black "Jijo, Joy"]
[Result "1-0"]
[WhiteElo "2008"]
[BlackElo "1647"]
[PlyCount "61"]
[EventDate "2017.07.13"]
[EventType "swiss"]
[EventRounds "9"]
[EventCountry "ESP"]
[SourceTitle "Ajedrez en Madrid"]
[Source "lmi"]
[SourceDate "2017.07.13"]
[SourceVersion "1"]
[SourceVersionDate "2019.06.21"]
[SourceQuality "1"]

1. d4 d6 2. c4 e5 3. d5 f5 4. e4 fxe4 5. Nc3 Nf6 6. Nge2 Bf5 7. Ng3 Bg6 8. Bg5
Be7 9. h4 h6 10. Bxf6 Bxf6 11. h5 Bh7 12. Ngxe4 Nd7 13. g3 Nc5 14. Nxc5 dxc5
15. Bd3 e4 16. Nxe4 Qe7 17. O-O Bxb2 18. Rb1 Bd4 19. Qc2 Bxe4 20. Bxe4 O-O 21.
Kg2 Rae8 22. Rbe1 Qg5 23. f4 Qg4 24. Bh7+ Kh8 25. Bf5 Rxf5 26. Rxe8+ Kh7 27.
Rf8 Bf6 28. Re1 Qxh5 29. Re5 Bxe5 30. Rxf5 Qg6 31. fxe5 1-0

[Event "19. Obert Int. Sant Marti 2017"]
[Site "Barcelona ESP"]
[Date "2017.07.20"]
[Round "8.66"]
[White "Krithigga, K."]
[Black "Moravich, Juan"]
[Result "1-0"]
[WhiteElo "1848"]
[BlackElo "2006"]
[PlyCount "91"]
[EventDate "2017.07.13"]
[EventType "swiss"]
[EventRounds "9"]
[EventCountry "ESP"]
[SourceTitle "Ajedrez en Madrid"]
[Source "lmi"]
[SourceDate "2017.07.13"]
[SourceVersion "1"]
[SourceVersionDate "2019.06.21"]
[SourceQuality "1"]

1. c4 Nf6 2. g3 d6 3. Bg2 e5 4. Nc3 Be7 5. Nf3 c6 6. O-O O-O 7. d3 Re8 8. Rb1
Bf8 9. Qc2 h6 10. Nh4 Na6 11. a3 d5 12. cxd5 cxd5 13. b4 Be6 14. Bb2 Rc8 15.
Qd2 Qd7 16. Nf3 Bh3 17. d4 Bxg2 18. Kxg2 Ne4 19. Nxe4 dxe4 20. Ng1 Rc4 21. e3
Rec8 22. Rfc1 Nb8 23. Rxc4 Rxc4 24. Qe2 Qc6 25. dxe5 Rc2 26. Qd1 Nd7 27. Ne2
Qc8 28. Nd4 Rc4 29. e6 fxe6 30. Nxe6 Nf6 31. Nxf8 Qxf8 32. Bxf6 Qxf6 33. Qd5+
Qf7 34. Rd1 b5 35. Qxf7+ Kxf7 36. Rd7+ Kf6 37. Rxa7 Rc3 38. Ra5 g6 39. Ra6+ Kf7
40. g4 Rd3 41. Kg3 Rd2 42. Rb6 Rd5 43. Kf4 Rd2 44. Kg3 Ra2 45. Rxb5 Rxa3 46.
Re5 1-0

[Event "19. Obert Int. Sant Marti 2017"]
[Site "Barcelona ESP"]
[Date "2017.07.20"]
[Round "8.67"]
[White "Severri Arrese, Carlos"]
[Black "Perez Garcia, Adria"]
[Result "0-1"]
[WhiteElo "1904"]
[BlackElo "2123"]
[PlyCount "102"]
[EventDate "2017.07.13"]
[EventType "swiss"]
[EventRounds "9"]
[EventCountry "ESP"]
[SourceTitle "Ajedrez en Madrid"]
[Source "lmi"]
[SourceDate "2017.07.13"]
[SourceVersion "1"]
[SourceVersionDate "2019.06.21"]
[SourceQuality "1"]

1. e4 c6 2. d4 d5 3. exd5 cxd5 4. Bd3 Nc6 5. c3 Nf6 6. Bf4 g6 7. Nd2 Bg7 8.
Ngf3 O-O 9. h3 a6 10. O-O Bf5 11. Bxf5 gxf5 12. Ne1 e6 13. Nd3 Kh8 14. Re1 Rg8
15. Nf1 Bf8 16. Ng3 Rg6 17. Ne5 Nxe5 18. Bxe5 Bd6 19. Qe2 Bxe5 20. Qxe5 Qb8 21.
Ne2 Qxe5 22. dxe5 Ne4 23. Nf4 Rgg8 24. f3 Nd2 25. Kf2 Nc4 26. Re2 Rab8 27. Rd1
b5 28. Rd4 a5 29. Nd3 Rgc8 30. Rh4 Nb6 31. Rd4 Rc4 32. g4 fxg4 33. hxg4 Rbc8
34. Rf4 Kg7 35. Kg3 Nd7 36. Rxc4 bxc4 37. Nf4 Rb8 38. Nh5+ Kf8 39. f4 Nc5 40.
Nf6 Ke7 41. f5 Nd3 42. Nxh7 Rxb2 43. Re3 Rxa2 44. f6+ Ke8 45. Ng5 a4 46. Nf3 a3
47. g5 Rb2 48. g6 fxg6 49. Ng5 a2 50. f7+ Kf8 51. Rf3 Rg2+ 0-1

[Event "19. Obert Int. Sant Marti 2017"]
[Site "Barcelona ESP"]
[Date "2017.07.20"]
[Round "8.68"]
[White "Prats Gaudo, Oscar"]
[Black "De Urquiza, Sebastian"]
[Result "1-0"]
[WhiteElo "2015"]
[BlackElo "1902"]
[PlyCount "123"]
[EventDate "2017.07.13"]
[EventType "swiss"]
[EventRounds "9"]
[EventCountry "ESP"]
[SourceTitle "Ajedrez en Madrid"]
[Source "lmi"]
[SourceDate "2017.07.13"]
[SourceVersion "1"]
[SourceVersionDate "2019.06.21"]
[SourceQuality "1"]

1. d4 Nf6 2. Bf4 e6 3. e3 b6 4. Nf3 Bb7 5. Be2 Be7 6. h3 d6 7. O-O Nbd7 8. c4
Ne4 9. Nbd2 f5 10. Nxe4 Bxe4 11. Nd2 Bb7 12. Bf3 Bxf3 13. Nxf3 h5 14. Bh2 g5
15. Kh1 g4 16. Ng1 Nf6 17. Qa4+ Qd7 18. Qxd7+ Kxd7 19. Rad1 Rag8 20. Ne2 Rg7
21. h4 Ne4 22. g3 a6 23. Nf4 Rgg8 24. Kg2 b5 25. c5 Rh6 26. b4 a5 27. a3 Ra8
28. Ra1 Bf6 29. cxd6 cxd6 30. a4 axb4 31. axb5 Rhh8 32. Rxa8 Rxa8 33. Rb1 Ra2
34. Bg1 Bxh4 35. gxh4 g3 36. Nh3 Ra4 37. fxg3 Nc3 38. Rb3 Kc7 39. Bf2 Kb6 40.
Be1 Nd5 41. Nf4 Kxb5 42. Nxd5 exd5 43. Kf3 Kc4 44. Rxb4+ Rxb4 45. Bxb4 Kxb4 46.
Kf4 Kc3 47. Kxf5 Kd3 48. Kf4 Ke2 49. e4 dxe4 50. Kxe4 Kf2 51. Kf4 d5 52. g4
hxg4 53. Kxg4 Ke3 54. h5 Kxd4 55. h6 Ke3 56. h7 d4 57. h8=Q d3 58. Qe5+ Kd2 59.
Kf3 Kc2 60. Ke3 d2 61. Qc5+ Kd1 62. Qd4 1-0

[Event "19. Obert Int. Sant Marti 2017"]
[Site "Barcelona ESP"]
[Date "2017.07.20"]
[Round "8.69"]
[White "Niklesh, Kumar Jain"]
[Black "Claramunt Bassegoda, Marcel"]
[Result "1-0"]
[WhiteElo "1822"]
[BlackElo "1977"]
[PlyCount "69"]
[EventDate "2017.07.13"]
[EventType "swiss"]
[EventRounds "9"]
[EventCountry "ESP"]
[SourceTitle "Ajedrez en Madrid"]
[Source "lmi"]
[SourceDate "2017.07.13"]
[SourceVersion "1"]
[SourceVersionDate "2019.06.21"]
[SourceQuality "1"]

1. Nf3 d5 2. g3 g6 3. Bg2 Bg7 4. d3 e5 5. Nbd2 Ne7 6. e4 d4 7. Nc4 Nbc6 8. a4
O-O 9. O-O Bg4 10. h3 Be6 11. b3 Qd7 12. Kh2 a5 13. Nh4 f5 14. exf5 Nxf5 15.
Nxf5 gxf5 16. Qe2 Bd5 17. Ba3 Rfe8 18. Rae1 e4 19. Qh5 Nb4 20. Bxb4 axb4 21.
Nd2 Bf7 22. Qg5 exd3 23. cxd3 c6 24. h4 Ra5 25. Bh3 Re6 26. Rxe6 Bxe6 27. Re1
Rc5 28. Ne4 fxe4 29. Bxe6+ Qxe6 30. Qxc5 Qxb3 31. Rxe4 Qf7 32. Rf4 Qg6 33. Qc4+
Kh8 34. Qxb4 Qxd3 35. Rf8+ 1-0

[Event "19. Obert Int. Sant Marti 2017"]
[Site "Barcelona ESP"]
[Date "2017.07.20"]
[Round "8.71"]
[White "Lorenzo Martinez, Ruben"]
[Black "Al, Ansi Amin"]
[Result "0-1"]
[WhiteElo "1490"]
[BlackElo "1948"]
[PlyCount "120"]
[EventDate "2017.07.13"]
[EventType "swiss"]
[EventRounds "9"]
[EventCountry "ESP"]
[SourceTitle "Ajedrez en Madrid"]
[Source "lmi"]
[SourceDate "2017.07.13"]
[SourceVersion "1"]
[SourceVersionDate "2019.06.21"]
[SourceQuality "1"]

1. d4 Nf6 2. Nf3 e6 3. e3 b6 4. Bd3 Bb7 5. b3 c5 6. Bb2 cxd4 7. exd4 Nc6 8.
Nbd2 Nb4 9. Be2 Rc8 10. c3 Nbd5 11. c4 Nf4 12. O-O Be7 13. Re1 Nxe2+ 14. Qxe2
d5 15. Rac1 O-O 16. Ne5 dxc4 17. bxc4 Bb4 18. Nd3 Bxd2 19. Qxd2 Rxc4 20. Rxc4
Qd5 21. f3 Qxc4 22. Rc1 Qb5 23. h3 Nd5 24. Ba3 Rd8 25. Nb4 h6 26. Nxd5 Qxd5 27.
Rc7 e5 28. Bb2 exd4 29. Qxd4 Qxd4+ 30. Bxd4 Rxd4 31. Rxb7 Ra4 32. h4 g6 33. g4
Rxa2 34. h5 gxh5 35. gxh5 Kg7 36. f4 Ra5 37. Kf2 b5 38. Kg3 a6 39. Kg4 Ra4 40.
Kf5 Ra2 41. Ke5 Re2+ 42. Kf5 Re3 43. Rb6 Re6 44. Rb7 Rc6 45. Ke4 Kf6 46. Kd5
Re6 47. Rb8 Kf5 48. Rb7 Rf6 49. Rc7 Kxf4 50. Rc1 Kg5 51. Rg1+ Kxh5 52. Ke5 Rc6
53. Kf5 Kh4 54. Rg7 b4 55. Rxf7 Rb6 56. Rc7 b3 57. Rc4+ Kg3 58. Rg4+ Kf3 59.
Rg1 b2 60. Rb1 a5 0-1

[Event "19. Obert Int. Sant Marti 2017"]
[Site "Barcelona ESP"]
[Date "2017.07.20"]
[Round "8.72"]
[White "Farre Buil, Carles"]
[Black "Vigo Allepuz, David"]
[Result "0-1"]
[WhiteElo "1856"]
[BlackElo "2104"]
[PlyCount "28"]
[EventDate "2017.07.13"]
[EventType "swiss"]
[EventRounds "9"]
[EventCountry "ESP"]
[SourceTitle "Ajedrez en Madrid"]
[Source "lmi"]
[SourceDate "2017.07.13"]
[SourceVersion "1"]
[SourceVersionDate "2019.06.21"]
[SourceQuality "1"]

1. e4 e6 2. d4 d5 3. Nd2 Nf6 4. e5 Nfd7 5. Bd3 c5 6. c3 Nc6 7. Ne2 f6 8. exf6
Qxf6 9. Nf3 cxd4 10. cxd4 Bd6 11. Bg5 Qf7 12. O-O O-O 13. Rc1 Qh5 14. Qd2 Rxf3
0-1

[Event "19. Obert Int. Sant Marti 2017"]
[Site "Barcelona ESP"]
[Date "2017.07.20"]
[Round "8.73"]
[White "Brunet Gil, Pol"]
[Black "Alcaraz Lopez, Francesc"]
[Result "1/2-1/2"]
[WhiteElo "1906"]
[BlackElo "1811"]
[PlyCount "213"]
[EventDate "2017.07.13"]
[EventType "swiss"]
[EventRounds "9"]
[EventCountry "ESP"]
[SourceTitle "Ajedrez en Madrid"]
[Source "lmi"]
[SourceDate "2017.07.13"]
[SourceVersion "1"]
[SourceVersionDate "2019.06.21"]
[SourceQuality "1"]

1. e4 c5 2. Nf3 Nc6 3. d4 cxd4 4. Nxd4 g6 5. c4 Bg7 6. Be3 Nf6 7. Nc3 O-O 8.
Be2 e6 9. Ndb5 a6 10. Nd6 Ne8 11. Rc1 Nxd6 12. Qxd6 Qe7 13. Bc5 Qxd6 14. Bxd6
Re8 15. O-O Bf8 16. Rfd1 Bxd6 17. Rxd6 Rb8 18. Na4 b6 19. b3 Kf8 20. Rcd1 Ke7
21. g4 e5 22. g5 Nd4 23. R1xd4 exd4 24. e5 b5 25. Nc5 bxc4 26. Bxc4 a5 27. Rf6
Rf8 28. Ne4 a4 29. Nd6 axb3 30. Bxb3 d3 31. Kf1 Ba6 32. Ke1 Rb4 33. f4 Bb5 34.
Nxb5 Rxb5 35. Kd2 Rc5 36. Kxd3 Rc6 37. Rxc6 dxc6 38. Kc4 Ke6 39. Bc2 Rd8 40.
Kc3 Rd7 41. a4 Kd5 42. Bd3 Ra7 43. Bc2 c5 44. Kd3 c4+ 45. Kc3 Kc5 46. h4 Rd7
47. h5 Rd4 48. hxg6 hxg6 49. f5 Rg4 50. fxg6 fxg6 51. Bxg6 Rxg5 52. Bf7 Rg3+
53. Kc2 Kb4 54. e6 Re3 55. a5 Kxa5 56. e7 Rxe7 57. Bxc4 Kb4 58. Bd3 Ka3 59. Kc3
Rc7+ 60. Bc4 Rc8 61. Kd4 Kb4 62. Be6 Rc7 63. Ke5 Kc5 64. Kf6 Rh7 65. Kg6 Rh2
66. Kg7 Kd6 67. Bg8 Ke7 68. Bh7 Rh4 69. Kh8 Kf6 70. Kg8 Rd4 71. Kh8 Kf7 72.
Bg8+ Kf8 73. Bh7 Rg4 74. Bf5 Rg8+ 75. Kh7 Rg5 76. Bd3 Rh5+ 77. Kg6 Rh3 78. Bf5
Rh2 79. Kf6 Rf2 80. Ke5 Ke7 81. Be4 Rd2 82. Kf4 Kf6 83. Ke3 Rd8 84. Bd3 Ke5 85.
Kd2 Rc8 86. Bc2 Kd4 87. Bf5 Rc7 88. Bg6 Rg7 89. Bh5 Rg2+ 90. Kc1 Kc3 91. Kb1
Rf2 92. Bg6 Rf6 93. Be4 Rf1+ 94. Ka2 Rf2+ 95. Ka1 Rb2 96. Bf5 Rb8 97. Bb1 Kb3
98. Ba2+ Ka3 99. Bb1 Rd8 100. Bc2 Rd2 101. Bb1 Rf2 102. Bd3 Ra2+ 103. Kb1 Rd2
104. Bc2 Kb4 105. Bf5 Rd1+ 106. Kc2 Rf1 107. Be6 1/2-1/2

[Event "19. Obert Int. Sant Marti 2017"]
[Site "Barcelona ESP"]
[Date "2017.07.20"]
[Round "8.74"]
[White "Valarezzo Ricard, Pedro"]
[Black "Catala Ulied, Bernat"]
[Result "0-1"]
[WhiteElo "1954"]
[BlackElo "1761"]
[PlyCount "46"]
[EventDate "2017.07.13"]
[EventType "swiss"]
[EventRounds "9"]
[EventCountry "ESP"]
[SourceTitle "Ajedrez en Madrid"]
[Source "lmi"]
[SourceDate "2017.07.13"]
[SourceVersion "1"]
[SourceVersionDate "2019.06.21"]
[SourceQuality "1"]

1. d4 Nf6 2. Nf3 g6 3. Bf4 Bg7 4. Nc3 O-O 5. Qc1 d5 6. Bh6 c5 7. Bxg7 Kxg7 8.
e3 Ne4 9. Nxe4 dxe4 10. Nd2 cxd4 11. Nxe4 Qb6 12. c3 dxe3 13. fxe3 Nc6 14. Be2
Ne5 15. O-O Bg4 16. Bxg4 Nxg4 17. Rf3 Rad8 18. Nf2 Nxf2 19. Rxf2 Rd3 20. e4
Rfd8 21. Qf1 Rd2 22. Rb1 Rc2 23. g3 Rdd2 0-1

[Event "19. Obert Int. Sant Marti 2017"]
[Site "Barcelona ESP"]
[Date "2017.07.21"]
[Round "9.1"]
[White "Fernandez, Fernando"]
[Black "Himanshu, Sharma"]
[Result "1-0"]
[WhiteElo "2424"]
[BlackElo "2498"]
[PlyCount "105"]
[EventDate "2017.07.13"]
[EventType "swiss"]
[EventRounds "9"]
[EventCountry "ESP"]
[SourceTitle "Ajedrez en Madrid"]
[Source "lmi"]
[SourceDate "2017.07.13"]
[SourceVersion "1"]
[SourceVersionDate "2019.06.21"]
[SourceQuality "1"]

1. e4 c5 2. Nf3 e6 3. g3 Nc6 4. Bg2 Nf6 5. Qe2 d6 6. O-O Be7 7. Rd1 O-O 8. d4
cxd4 9. Nxd4 Nxd4 10. Rxd4 Qb6 11. Rd1 Bd7 12. c4 Rac8 13. b3 Rfd8 14. Be3 Qa5
15. Bd2 Qc7 16. Nc3 Ne8 17. Rac1 a6 18. Bf4 Bf6 19. Qd2 b5 20. c5 Qxc5 21. Nd5
Qa3 22. Rxc8 Bxc8 23. Nxf6+ gxf6 24. e5 fxe5 25. Bxe5 f6 26. Bd4 d5 27. Bb6 Qe7
28. Bxd8 Qxd8 29. Qc3 Bd7 30. Qc5 Kf7 31. Bf3 Qe7 32. Qe3 Ng7 33. Qh6 Kg8 34.
Bg4 Be8 35. Qe3 Qd6 36. Qa7 h5 37. Bf3 Kh7 38. Rc1 f5 39. Rc8 Bg6 40. Qa8 Bf7
41. Rc6 Qe5 42. Qf8 Kg6 43. Qb4 Ne8 44. Rxa6 d4 45. Ra7 Qf6 46. Qxb5 Nd6 47.
Qb4 Ne4 48. h4 e5 49. Qf8 Nd2 50. Bxh5+ Kxh5 51. Rxf7 Nf3+ 52. Kg2 Ne1+ 53. Kh3
1-0

[Event "19. Obert Int. Sant Marti 2017"]
[Site "Barcelona ESP"]
[Date "2017.07.21"]
[Round "9.2"]
[White "Henriquez Villagra, Cristobal"]
[Black "Grigoryan, Karen H."]
[Result "0-1"]
[WhiteElo "2532"]
[BlackElo "2555"]
[PlyCount "70"]
[EventDate "2017.07.13"]
[EventType "swiss"]
[EventRounds "9"]
[EventCountry "ESP"]
[SourceTitle "Ajedrez en Madrid"]
[Source "lmi"]
[SourceDate "2017.07.13"]
[SourceVersion "1"]
[SourceVersionDate "2019.06.21"]
[SourceQuality "1"]

1. e4 e5 2. Nf3 Nc6 3. Bc4 Bc5 4. c3 Nf6 5. d3 O-O 6. O-O d6 7. h3 a6 8. Bb3
Ba7 9. Nbd2 Ne7 10. Re1 Ng6 11. Nf1 b5 12. Ng3 Bb7 13. d4 c5 14. Bc2 cxd4 15.
cxd4 exd4 16. Nxd4 d5 17. e5 Ne4 18. Ngf5 Nxe5 19. f3 g6 20. Nh6+ Kh8 21. fxe4
dxe4 22. Be3 Nc4 23. Bf2 e3 24. Rxe3 Bxd4 25. Rf3 Bxf2+ 26. Rxf2 f5 27. Qe1 Qf6
28. Re2 Bc6 29. Re6 Qd4+ 30. Kh1 Rae8 31. Rd1 Rxe6 32. Qxe6 Bxg2+ 33. Kxg2 Ne3+
34. Kg3 Nxd1 35. Bxd1 Qg1+ 0-1

[Event "19. Obert Int. Sant Marti 2017"]
[Site "Barcelona ESP"]
[Date "2017.07.21"]
[Round "9.3"]
[White "Cuartas, Jaime Alexander"]
[Black "Burmakin, Vladimir"]
[Result "1/2-1/2"]
[WhiteElo "2501"]
[BlackElo "2505"]
[PlyCount "48"]
[EventDate "2017.07.13"]
[EventType "swiss"]
[EventRounds "9"]
[EventCountry "ESP"]
[SourceTitle "Ajedrez en Madrid"]
[Source "lmi"]
[SourceDate "2017.07.13"]
[SourceVersion "1"]
[SourceVersionDate "2019.06.21"]
[SourceQuality "1"]

1. e4 c6 2. d4 d5 3. Nc3 g6 4. h3 Bg7 5. Nf3 dxe4 6. Nxe4 Nf6 7. Nxf6+ exf6 8.
Bc4 O-O 9. O-O Nd7 10. Re1 Nb6 11. Bf1 Be6 12. b3 Qc7 13. c4 Rad8 14. Bb2 f5
15. Qd2 Nc8 16. Rac1 Nd6 17. Bd3 Bc8 18. Re2 Rfe8 19. Rce1 Rxe2 20. Rxe2 Re8
21. Qf4 Rxe2 22. Bxe2 Ne8 23. Qe3 Qd8 24. Ba3 a6 1/2-1/2

[Event "19. Obert Int. Sant Marti 2017"]
[Site "Barcelona ESP"]
[Date "2017.07.21"]
[Round "9.4"]
[White "Narciso Dublan, Marc"]
[Black "Oliva Castaneda, Kevel"]
[Result "1/2-1/2"]
[WhiteElo "2516"]
[BlackElo "2497"]
[PlyCount "84"]
[EventDate "2017.07.13"]
[EventType "swiss"]
[EventRounds "9"]
[EventCountry "ESP"]
[SourceTitle "Ajedrez en Madrid"]
[Source "lmi"]
[SourceDate "2017.07.13"]
[SourceVersion "1"]
[SourceVersionDate "2019.06.21"]
[SourceQuality "1"]

1. e4 c5 2. Nf3 d6 3. d4 cxd4 4. Nxd4 Nf6 5. Nc3 a6 6. g3 e5 7. Nb3 Be7 8. Bg2
O-O 9. O-O b5 10. a4 b4 11. Nd5 Nxd5 12. Qxd5 Ra7 13. Be3 Be6 14. Qd3 Rb7 15.
a5 Rb5 16. Rfc1 Nd7 17. Bf1 Qa8 18. Qd1 Rbb8 19. Qd3 Rb5 20. Qd1 Rbb8 21. Nd2
Nc5 22. Qe2 Rfc8 23. Nc4 Qxe4 24. Nb6 Rf8 25. Bg2 Qg4 26. Qxg4 Bxg4 27. Re1 f6
28. Bf1 Bd8 29. Bxc5 dxc5 30. Bxa6 Bxb6 31. Bc4+ Kh8 32. axb6 Rxb6 33. Ra5 Rc8
34. f4 Rd6 35. fxe5 fxe5 36. Bd3 Rd5 37. b3 Bh3 38. Ra7 Rf8 39. Re7 g6 40.
R7xe5 Rfd8 41. Rxd5 Rxd5 42. Kf2 Bf5 1/2-1/2

[Event "19. Obert Int. Sant Marti 2017"]
[Site "Barcelona ESP"]
[Date "2017.07.21"]
[Round "9.5"]
[White "Arizmendi Martinez, Julen Luis"]
[Black "Salinas Herrera, Pablo"]
[Result "1-0"]
[WhiteElo "2511"]
[BlackElo "2438"]
[PlyCount "73"]
[EventDate "2017.07.13"]
[EventType "swiss"]
[EventRounds "9"]
[EventCountry "ESP"]
[SourceTitle "Ajedrez en Madrid"]
[Source "lmi"]
[SourceDate "2017.07.13"]
[SourceVersion "1"]
[SourceVersionDate "2019.06.21"]
[SourceQuality "1"]

1. d4 d5 2. c4 e6 3. Nf3 Nf6 4. Nc3 a6 5. cxd5 exd5 6. Bg5 Be6 7. e3 Nbd7 8.
Bd3 h6 9. Bh4 g5 10. Bg3 Nh5 11. e4 Nxg3 12. hxg3 c6 13. exd5 cxd5 14. Qe2 Be7
15. Kf1 Qb6 16. Re1 g4 17. Ne5 Nf6 18. Na4 Qd6 19. Nc5 Bc8 20. Qc2 Ne4 21. Bxe4
dxe4 22. Qxe4 f5 23. Qe3 Rh7 24. Nc4 Qg6 25. d5 Kf8 26. Nb6 Qd6 27. b4 Rb8 28.
Rh5 Qg6 29. Rh1 Kg8 30. Qe5 Qxb6 31. Qxb8 Qd8 32. Nxb7 Qf8 33. d6 Bxb7 34. Qxb7
Bxd6 35. Qd5+ Kh8 36. Rh5 Rf7 37. Re6 1-0